000 00705nam a2200217Ia 4500
003 GCL
008 140319s9999 xx 000 0 ara d
040 _aGCL /
_cGCL
082 0 4 _a001.553
_bا ر
100 1 _aابراهيم عبدالله المسلمى
245 1 0 _aالراديو والتليفزيون : تنمية المجتمع المحلى /
_cابراهيم عبدالله المسلمى
300 _a217 ص
490 _aدراسات فى الاعلام
_v0
650 0 4 _aالراديو
650 0 4 _aالتليفزيون
650 0 4 _aالعلاقات العامة
650 0 4 _aالاعلام
650 0 4 _aالدعاية
650 0 4 _aوسائل الاعلام
942 _2ddc
_cBK
999 _c47968
_d47968